Instrucciones para ejecución de la ley de presupuestos del sector público
Guardat en:
| Autor corporatiu: | |
|---|---|
| Format: | Llibre |
| Idioma: | espanyol |
| Publicat: |
Santiago
Ministerio de Hacienda
1994
|
| Matèries: | |
| Etiquetes: |
Afegir etiqueta
Sense etiquetes, Sigues el primer a etiquetar aquest registre!
|
MARC
| LEADER | 00000nam a2200000 a 4500 | ||
|---|---|---|---|
| 001 | UCU8063 | ||
| 003 | CL-VaPUC | ||
| 008 | 960712e19940000CL |||||||||||||||||spa|d | ||
| 082 | 0 | 4 | |a 343.034 |b MIN |2 21 |
| 110 | 2 | |a Ministerio de Hacienda |e author |9 367307 | |
| 245 | 1 | 0 | |a Instrucciones para ejecución de la ley de presupuestos del sector público |
| 300 | |a 229 p | ||
| 942 | |c BK | ||
| 945 | |d 19960712 00:00:00 |a rbrito | ||
| 260 | |a Santiago |b Ministerio de Hacienda |c 1994 | ||
| 650 | 7 | |a LEGISLACION |2 CL-VaPUC |9 367308 | |
| 650 | 7 | |a ECONOMIA NACIONAL |2 CL-VaPUC |9 338222 | |
| 650 | 0 | |a Política económica |9 255029 | |
| 650 | 7 | |a POLITICA FINANCIERA |2 CL-VaPUC |9 356280 | |
| 650 | 7 | |a PRESUPUESTO NACIONAL |2 CL-VaPUC |9 338436 | |
| 650 | 7 | |a LEY N§ 19.259 |2 CL-VaPUC |9 367309 | |
| 651 | 7 | |a CHILE |2 CL-VaPUC |9 367310 | |
| 583 | |a last modification |c 19960712 00:00:00 |k Rodrigo Vera | ||
| 999 | |c 250593 |d 250591 | ||
| 952 | |0 0 |1 0 |4 0 |6 343_034000000000000_MIN_1994 |7 0 |8 A |9 268899 |a BIBENE |b BIBENE |d 2019-11-19 |i 321317K |o 343.034 MIN 1994 |p 321317K |r 2025-01-15 |w 2019-11-19 |y BK |k ICO | ||